Get the Picture: Eddie Murphy or Will Smith? Quiz Stats

 Plays Quiz Updated Jun 12, 2019

Score 0/20 Timer 03:00
3 Plays Today
Question Answer Wrong Answers
Men in Black (1997) Will Smith
96%
Eddie Murphy
1.1%
The Nutty Professor (1996) Eddie Murphy
95.1%
Will Smith
1.8%
I Am Legend (2007) Will Smith
94.6%
Eddie Murphy
2.1%
Dr. Dolittle (1998) Eddie Murphy
94.3%
Will Smith
2.3%
Hancock (2008) Will Smith
92.2%
Eddie Murphy
4.5%
Hitch (2005) Will Smith
91.9%
Eddie Murphy
5%
The Pursuit of Happyness (2006) Will Smith
91.5%
Eddie Murphy
5.4%
Beverly Hills Cop (1984) Eddie Murphy
91.2%
Will Smith
5.8%
Shrek (2001) Eddie Murphy
91.1%
Will Smith
6%
Wild Wild West (1999) Will Smith
89.8%
Eddie Murphy
6.9%
Norbit (2007) Eddie Murphy
88.2%
Will Smith
8.6%
Suicide Squad (2016) Will Smith
87.6%
Eddie Murphy
9.1%
Bad Boys (1995) Will Smith
83.2%
Eddie Murphy
13.6%
Boomerang (1992) Eddie Murphy
83.1%
Will Smith
13.7%
Bowfinger (1999) Eddie Murphy
82.6%
Will Smith
14.1%
The Adventures of Pluto Nash (2002) Eddie Murphy
79%
Will Smith
17.7%
Dreamgirls (2006) Eddie Murphy
78.6%
Will Smith
18.4%
Mulan (1998) Eddie Murphy
75.9%
Will Smith
21%
Six Degrees of Separation (1993) Will Smith
70.7%
Eddie Murphy
26.2%
Shark Tale (2004) Will Smith
69.9%
Eddie Murphy
27.2%

Today's Daily Dose

Missing Word
Banned Books (A-Z)

Word Ladder
Janis Joplin

Get the Picture
Occupations

You're not logged in!

Compare scores with friends on all Sporcle quizzes.
OR
Log In

Sporcle TV

Today on Sporcle TV


Watch our educational content, quiz creation guides, and fun videos on Sporcle TV.

Show Comments

Extras

Top Quizzes Today


Score Distribution

Your Account Isn't Verified!

In order to create a playlist on Sporcle, you need to verify the email address you used during registration. Go to your Sporcle Settings to finish the process.

Report this User

Report this user for behavior that violates our Community Guidelines.

Details: